LEADER 01765nam 2200541 a 450 001 9910453057303321 005 20200520144314.0 010 $a1-62081-344-0 035 $a(CKB)2550000001043054 035 $a(EBL)3021141 035 $a(SSID)ssj0000875629 035 $a(PQKBManifestationID)11526855 035 $a(PQKBTitleCode)TC0000875629 035 $a(PQKBWorkID)10890724 035 $a(PQKB)11696214 035 $a(MiAaPQ)EBC3021141 035 $a(Au-PeEL)EBL3021141 035 $a(CaPaEBR)ebr10681341 035 $a(OCoLC)833161358 035 $a(EXLCZ)992550000001043054 100 $a20120217d2012 uy 0 101 0 $aeng 135 $aur|n|---||||| 181 $ctxt 182 $cc 183 $acr 200 00$aNicotine addiction$b[electronic resource] $eprevention, health effects and treatment options /$fGiuseppe Di Giovanni, editor 210 $a[Hauppauge] N.Y. $cNova Science Publishers, Inc.$d2012 215 $a1 online resource (295 p.) 225 1 $aSubstance abuse assessment, interventions and treatment 300 $aDescription based upon print version of record. 311 $a1-62081-290-8 320 $aIncludes bibliographical references and index. 410 0$aSubstance abuse assessment, interventions and treatment series. 606 $aNicotine addiction$xPrevention 606 $aNicotine addiction$xTreatment 608 $aElectronic books. 615 0$aNicotine addiction$xPrevention. 615 0$aNicotine addiction$xTreatment. 676 $a616.86/5 701 $aDi Giovanni$b Giuseppe$0931644 801 0$bMiAaPQ 801 1$bMiAaPQ 801 2$bMiAaPQ 906 $aBOOK 912 $a9910453057303321 996 $aNicotine addiction$92095635 997 $aUNINA LEADER 01952nam 22006495u 450 001 9910158697003321 005 20211006144954.0 010 $a9783318042597 010 $a3318042595 035 $a(CKB)3780000000101495 035 $a(OCoLC)1046113340 035 $a(SZ-BaSKA)222678 035 $a(MiAaPQ)EBC31866496 035 $a(Au-PeEL)EBL31866496 035 $a(EXLCZ)993780000000101495 100 $a20211006d1994 uy 0 101 0 $aeng 135 $aurunu||||| 181 $ctxt$2rdacontent 182 $cc$2rdamedia 183 $acr$2rdacarrier 200 10$aFatty Acids And Lipids: Biological Aspects : $e1st International Congress of the International Society for the Study of Fatty Acids and Lipids (ISSFAL), Lugano, June/July 1993 / $f editors, C. Galli, A.P. Simopoulos, E. Tremoli 205 $a1st ed. 210 $aBasel : $cS. Karger, $d1994 215 $a1 online resource (XX + 198 pages) : $c 44 figures, 42 tables 225 1 $aIssn Series 311 08$a9783805559591 311 08$a3805559593 410 0$aIssn Series 517 $aFatty Acids And Lipids 606 $aNutrition 606 $aBiochemistry 606 $aMetabolism 606 $aDietetics 606 $aEnzymology 606 $aPhysiology 606 $aPublic Health 615 14$aNutrition 615 14$aBiochemistry 615 14$aMetabolism 615 24$aDietetics 615 24$aEnzymology 615 24$aPhysiology 615 24$aPublic Health 676 $a612.3 s 676 $a612.3/97 700 $aGalli$b C 701 0$aGalli$b Claudio$024862 701 0$aSimopoulos$b Artemis P.$f1933-$0765990 701 0$aTremoli$b Elena$0298087 712 02$aInternational Society for the Study of Fatty Acids and Lipids. 801 0$bUKSKG 801 1$bUKSKG 906 $aBOOK 912 $a9910158697003321 996 $aFatty Acids And Lipids: Biological Aspects$92868161 997 $aUNINA